000 00564nam a22001817a 4500
005 20251108164859.0
008 250721s1984 xx 000 0 ara d
082 1 4 _a962.02/حسي
100 1 _aمؤنس، حسين
245 1 0 _aباشوات و سوبر باشوات :
_bصورة مصر في عصرين /
264 1 _aالقاهرة :
_bالزهراء للإعلام العربي،
_c1984.
300 _a318ص
650 1 7 _aتاريخ مصر
650 1 7 _aالتاريخ السياسي
650 1 7 _aتاريخ مصر
942 _2ddc
_cBK
999 _c16542
_d16542